[Event "Hamburg-ch MA"]
[Site "Hamburg"]
[Date "2011.10.09"]
[Round "9.2"]
[White "Hochgraefe, Markus"]
[Black "Goepfert, Jakob"]
[Result "1-0"]
[WhiteElo "2345"]
[BlackElo "2014"]
[PlyCount "73"]
[EventDate "2011.10.09"]
[EventType "swiss"]
[EventRounds "9"]
[EventCountry "GER"]
[SourceTitle "EXT 2012"]
[Source "ChessBase"]
[SourceDate "2011.11.24"]
[SourceVersion "1"]
[SourceVersionDate "2011.11.24"]
[SourceQuality "1"]

1. c4 Nf6 2. Nc3 c6 3. e4 e5 4. Nf3 d6 5. d4 Nbd7 6. Be2 Be7 7. 0-0 0-0 8. Re1 a6 9. d5 cxd5 10. cxd5 b5 11. a3 Nc5 12. Nd2 Bd7 13. b4 Na4 14. Nxa4 bxa4 15. Bd3 Bb5 16. Qe2 Rb8 17. Nc4 Qd7 18. Bd2 Bd8 19. Rec1 Bb6 20. Nxb6 Rxb6 21. Bxb5 Qxb5 22. Qxb5 axb5 23. f3 Nd7 24. Rc7 Rd8 25. Rac1 Rbb8 26. Be3 Nb6 27. Bxb6 Rxb6 28. Ra7 Rbb8 29. Rcc7 Rf8 30. Ra6 Rfc8 31. Rxc8+ Rxc8 32. Rc6 Rd8 33. Rb6 Rc8 34. Rc6 Rd8 35. Rb6 Rc8 36. Rxb5 f5 37. exf5 1-0

[Event "Hamburg-ch MA"]
[Site "Hamburg"]
[Date "2011.10.08"]
[Round "8.1"]
[White "Goepfert, Jakob"]
[Black "Reddmann, Hauke"]
[Result "0-1"]
[WhiteElo "2014"]
[BlackElo "2338"]
[PlyCount "50"]
[EventDate "2011.10.09"]
[EventType "swiss"]
[EventRounds "9"]
[EventCountry "GER"]
[SourceTitle "EXT 2012"]
[Source "ChessBase"]
[SourceDate "2011.11.24"]
[SourceVersion "1"]
[SourceVersionDate "2011.11.24"]
[SourceQuality "1"]

1. d4 Nf6 2. c4 e6 3. Nf3 Bb4+ 4. Nbd2 d5 5. e3 0-0 6. Qb3 Bd6 7. Be2 b6 8. 0-0 Nbd7 9. Bd3 c5 10. e4 cxd4 11. cxd5 exd5 12. Nxd4 Nc5 13. Qc2 dxe4 14. Nxe4 Nfxe4 15. Bxe4 Qh4 16. f4 Nxe4 17. Qxe4 Ba6 18. Nf3 Qd8 19. Rd1 Re8 20. Qa4 Be2 21. Rd2 Bxf3 22. gxf3 Re1+ 23. Kg2 Qf6 24. Rd5 Bc5 25. Rh5 Qg6+ 0-1

[Event "Hamburg-ch MA"]
[Site "Hamburg"]
[Date "2011.10.01"]
[Round "2.8"]
[White "Schroeder, Christoph"]
[Black "Goepfert, Jakob"]
[Result "1/2-1/2"]
[WhiteElo "2220"]
[BlackElo "2014"]
[PlyCount "35"]
[EventDate "2011.10.09"]
[EventType "swiss"]
[EventRounds "9"]
[EventCountry "GER"]
[SourceTitle "EXT 2012"]
[Source "ChessBase"]
[SourceDate "2011.11.24"]
[SourceVersion "1"]
[SourceVersionDate "2011.11.24"]
[SourceQuality "1"]

1. d4 Nf6 2. c4 c6 3. Nf3 d5 4. Nc3 dxc4 5. a4 Na6 6. e3 Bg4 7. Bxc4 e6 8. h3 Bh5 9. 0-0 Nb4 10. a5 b5 11. Be2 a6 12. Ne5 Bxe2 13. Qxe2 Bd6 14. f4 0-0 15. Bd2 c5 16. dxc5 Bxc5 17. Rfd1 Qe7 18. Be1 1/2-1/2